=LDR 00000nam 2200000 4500 =001 INLIS000000000029870 =990 ##$$a 00055144 =005 20200825102933 =035 ##$$a 0010-061300000029870 =008 200825################g##########0#ind## =041 ##$$a Ind =082 ##$$a 2X9.12 =090 ##$$a 2X9.12, Has m =100 ##$$a Hashem, Omar =245 1#$$a Muhammad sang nabi : $b Penelusuran Sejarah Nabi Muhammad secara detil /$c Omar Hashem; Editor, dede azwar nurmansyah =260 ##$$a Jakarta :$b Tama publisher,$c 2005 =300 ##$$a xix, 303 hlm : $b Ilus ; $c 14,5 x 23 cm. =650 #4$$a Muhammad (Nabi) =850 ##$$a NBPNMAT =020 ##$$a 979-3545-20-8 =084 ##$$a 2X9.12 HAS m =250 ##$$a Cet. 1 =504 ##$$a Index : hlm. 305 -318 =990 ##$$a 17849